geoguessr (hard) - Statistics

General Stats
  • This quiz has been taken 171 times
  • The average score is 31 of 45
Answer Stats
Question Tile Select % Correct
Brazil. No
97%
Brazil. No
96%
Brazil. No
95%
Brazil. No
95%
Brazil. No
91%
Morocco. No
84%
Morocco. No
83%
The Netherlands. No
83%
Morocco. No
81%
France. No
81%
India. No
81%
India. No
81%
The Netherlands. No
81%
France. No
79%
India. No
79%
Morocco. No
78%
France. No
78%
France. No
77%
India. No
77%
India. No
77%
The Netherlands. No
77%
Morocco. No
74%
Morocco. No
74%
France. No
74%
The Netherlands. No
74%
The Netherlands. No
72%
The Netherlands. No
72%
France. No
71%
Brazil. No
71%
Brazil. No
71%
India. No
70%
Morocco. No
66%
The Netherlands. No
62%
Brazil. No
60%
India. No
58%
Morocco. No
56%
France. No
54%
France. No
54%
India. No
54%
The Netherlands. No
42%
Brazil. Yes
31%
Morocco. Yes
19%
France. Yes
9%
The Netherlands. Yes
9%
India. Yes
4%
No matching quizzes found
Score Distribution
Percent of People with Each Score
Percentile by Number Answered
Your Score History
You have not taken this quiz